EPIC: The Musical - Lyrics Sort #4 - Open Arms - Statistics

General Stats
  • This quiz has been taken 188 times
  • The average score is 23 of 66
Answer Stats
Hint Answer % Correct
Line 1 You can relax, my friend [1]
97%
Line 3 I can tell you're getting nervous, so do yourself a service
85%
Line 5 I'm fine, Polites
83%
Line 4 And try to relax, my friend
78%
Line 8 I know that you're tired of the war and bloodshed
72%
Line 7 We'll survive what we get into
72%
Line 10 Look at how you grip your sword, enough said
71%
Line 9 Tell me, is this how we're supposed to live?
71%
Line 11 Why should we take when we can give?
71%
Line 17 This life is amazing when you greet it with open arms [1]
69%
Line 15 Give it a try, it's not that hard
66%
Line 2 Huh?
66%
Line 16 I'm telling you
66%
Line 6 Think of all that we have been through
66%
Line 13 When you stop and lower your guard
66%
Line 12 You can show a person that you trust them
66%
Line 14 Here we have a chance for some adjustment
65%
Line 18 Whatever we face, we'll be fine if we're leading from the heart [1]
58%
Line 22 Greet the world with open arms [2]
35%
Line 21 Greet the world with open arms [1]
32%
Line 23 (Welcome) [1]
31%
Line 27 We're only here for food
31%
Line 24 Stay back!
29%
Line 26 My friend, greet the world with open arms
28%
Line 25 (Stay back, stay back)
28%
Line 20 Here's how to start
26%
Line 19 No matter the place, we can light up the world
25%
Line 31 Stay back, I'm warning you
25%
Line 51 I'd like to show my friend that kindness is brave
23%
Line 33 If we don't get back safely
23%
Line 34 My men will turn this place into blazes
23%
Line 49 That's what we'd get with open arms.
23%
Line 37 This life is amazing when you greet it with open arms [2]
23%
Line 54 A cave?
22%
Line 52 Could you tell me where there's other food to eat?
22%
Line 35 (Here you go!)
22%
Line 48 It's a lotus, it controls your mind and never lets you free
22%
Line 50 Lotus-eaters
22%
Line 36 See?
22%
Line 29 Six hundred friends are waiting for us to show our faces
22%
Line 46 And filled with glowing seeds
20%
Line 45 But look at the way this fruit is glowing
20%
Line 57 (East, that way)
20%
Line 41 Greet the world with open arms [3]
20%
Line 42 Greet the world with open arms [4]
20%
Line 47 It took me awhile to notice just what kind of fruit they eat
20%
Line 44 I wish that I could say that I agree
20%
Line 43 My friend
20%
Line 53 (The cave! Scary cave)
20%
Line 66 You can relax, my friend [2]
20%
Line 56 And where do we sail to find this food filled cave?
18%
Line 65 Greet the world with open arms [7]
18%
Line 58 Thank you
18%
Line 60 This life is amazing when you greet it with open arms [3]
18%
Line 55 You're saying there's a cave where we could feast?
18%
Line 30 (Food) [1]
17%
Line 32 (Food) [2]
17%
Line 28 (Food, food)
17%
Line 63 Greet the world with open arms [5]
17%
Line 64 Greet the world with open arms [6]
17%
Line 40 No matter the place, we can light up the world, here's how to start
17%
Line 62 So why not replace it and light up the world? Here's how to start
17%
Line 59 (Welcome!) [2]
17%
Line 39 Whatever we face, we'll be fine if we're leading from the heart [2]
17%
Line 61 I see in your face, there is so much guilt inside your heart
15%
Line 38 (ooh-ooh-ooh)
12%
No matching quizzes found
Score Distribution
Percent of People with Each Score
Percentile by Number Answered
Your Score History
You have not taken this quiz